Papers on general topology and applications : tenth summer conference at Amsterdam

Αποθηκεύτηκε σε:
Λεπτομέρειες βιβλιογραφικής εγγραφής
Συγγραφή απο Οργανισμό/Αρχή: Summer Conference on General Topology and Applications
Άλλοι συγγραφείς: Coplakova, Eva (edtf), Hart, Klaas Pieter (Επιμελητής έκδοσης)
Μορφή: Πρακτικό Συνεδρίου Βιβλίο
Γλώσσα:English
Δημοσίευση: New York : New York Academy of Sciences, 1996.
Σειρά:Annals of the New York Academy of Sciences ; 788
Θέματα:
Ετικέτες: Προσθήκη ετικέτας
Δεν υπάρχουν, Καταχωρήστε ετικέτα πρώτοι!

MARC

LEADER 00000cam a2200000 a 4500
001 1/112561
008 161214s1996####nyu| ||| |||| ||eng||
020 |a 0897669630  
040 |a GR-MyUa  |b gre  |c GR-MyUa  |e AACR2 
041 0 |a eng 
082 7 |a 514.322   |2 (23)  
245 1 0 |a Papers on general topology and applications :   |b tenth summer conference at Amsterdam /   |c edited by Eva Coplakova and Klaas Pieter Hart.  
260 |a New York :   |b New York Academy of Sciences,   |c 1996.  
300 |a xi, 227 σ. :   |b σχέδια ;   |c 24 εκ.  
490 1 |a (Annals of the New York Academy of Sciences ;   |v 788)  
500 |a Papers presented at the Tenth Summer Conference on General Topology and Applications held in Amsterdam, the Netherlands on Aug. 15-18, 1994.  
504 |a Περιέχει βιβλιογραφικές αναφορές και ευρετήρια.  
650 0 |a Topology  |x Congresses. 
700 1 |a Coplakova, Eva,  |e edtf 
700 1 |a Hart, Klaas Pieter,  |e edt 
711 2 |a Summer Conference on General Topology and Applications   |n (10th :   |d 1994 :   |c Amsterdam, Netherlands) 
830 0 |a Annals of the New York Academy of Sciences ;  |v 788 
852 |a INST  |b SAMOS  |e 20161214  |h 514.322 PAP  |p 005300044053  |q 005300044053  |t BK  |y 0 
970 |a Κοσιέρης  |b Χρήστος  |z 14-12-2016